| 000 | 00633nam a2200229 a 4500 | ||
|---|---|---|---|
| 008 | |||
| 020 | _a0750635525 (pbk.) | ||
| 049 | _aMAIN | ||
| 090 |
_aTK454 _bBIR |
||
| 100 | 1 | _aBird, J.O. | |
| 245 | 1 | 0 |
_aElectrical circuit theory and technology / _cJ.O. Bird. |
| 260 |
_aOxford : _bNewnes, _c1997. |
||
| 300 |
_axvi, 939 p. : _bill. ; _c25 cm. |
||
| 500 | _aIncludes index. | ||
| 650 | 0 | _aElectric circuits. | |
| 650 | 0 | _aElectric engineering. | |
| 907 |
_a.b10017483 _b28-11-14 _c17-04-03 |
||
| 003 | |||
| 005 | 20231006152845.0 | ||
| 040 | _cNUST | ||
| 942 |
_cBOOKS _kTK454 _mBIR _01 |
||
| 999 |
_c157222 _d157222 |
||